Our memory/ (Record no. 192995)
[ view plain ]
| 000 -LEADER | |
|---|---|
| fixed length control field | 00490nam a22001817a 4500 |
| 005 - DATE AND TIME OF LATEST TRANSACTION | |
| control field | 20221012145955.0 |
| 010 ## - LCCN (DPL NO) | |
| LC control number | ENG-135373 |
| 020 ## - INTERNATIONAL STANDARD BOOK NUMBER | |
| Terms of availability | 205.00 |
| International Standard Book Number | 9788193223260 |
| 035 ## - SYSTEM CONTROL NUMBER | |
| System control number | EN-118905 |
| 037 ## - SOURCE OF ACQUISITION | |
| Source of stock number/acquisition | DBAD/PUB |
| 082 ## - DEWEY DECIMAL CLASSIFICATION NUMBER | |
| Classification number | 808.68 |
| 100 ## - MAIN ENTRY--PERSONAL NAME | |
| Personal name | K.K. Singh |
| 245 ## - TITLE STATEMENT | |
| Title | Our memory/ |
| Statement of responsibility, etc | K.K. Singh |
| 260 ## - PUBLICATION, DISTRIBUTION, ETC. (IMPRINT) | |
| Date of publication, distribution, etc | 2016 |
| Name of publisher, distributor, etc | Maheshwari Prakashan |
| Place of publication, distribution, etc | Delhi, NCR |
| 270 ## - ADDRESS | |
| City | Delhi/NCR |
| Address | 911/7C, Fardabad |
| Postal code | 121006 |
| 300 ## - PHYSICAL DESCRIPTION | |
| Extent | 130p. |
| Dimensions | 22cm(Pbk) |
| 942 ## - ADDED ENTRY ELEMENTS (KOHA) | |
| Source of classification or shelving scheme | Dewey Decimal Classification |
| Item type | English Books |
| Call number suffix | KKS |
| Classification part | 808.88 |
| Withdrawn status | Lost status | Not for loan | Collection code | Home library | Current library | Date acquired | Source of acquisition | Cost, normal purchase price | Full call number | Barcode | Copy number | Cost, replacement price | Koha item type |
|---|---|---|---|---|---|---|---|---|---|---|---|---|---|
| Non-fiction | Kadipur | Kadipur | 12/10/2022 | DBAD/PUB | 205.00 | 808.88 KKS | EN-118905 | 1 | 205.00 | English Books |
